| 000 | 01857nam0a2200361 4500 | ||
|---|---|---|---|
| 001 | RU\NLR\bibl\1698314 | ||
| 005 | 20260406135135.0 | ||
| 010 |
_a978-5-87857-158-6 _92000 |
||
| 021 |
_aRU _b2010-77106 _95141 |
||
| 035 | _a(nilc)RSL-KNO-004743968 | ||
| 035 | _a(NLR Aleph) 001689401 | ||
| 090 |
_a1151173 _c1151173 |
||
| 100 | _a20101011d2009 |||y0rusy50 ca | ||
| 101 | 0 | _arus | |
| 102 | _aRU | ||
| 105 | _aa ||||||||| | ||
| 200 | 1 |
_aСудьбы людей. "Ленинградское дело" _fМ-во культуры Рос. Федерации, Федер. Гос. учреждение культуры "Гос. музей полит. истории России" _g[сост.: А.П. Смирнов, к.ист.н., засл. работник культуры РФ _gредкол.: к.ист.н. Е.Г. Артемов и др.] |
|
| 210 |
_aСанкт-Петербург _cНорма _d2009 |
||
| 215 |
_a206 с., [8] л. цв. ил., факс. _cил., портр., факс. _d25 |
||
| 320 | _aБиблиогр. в прим.: с. 49 и в конце документов | ||
| 517 | 0 | _a"Ленинградское дело" | |
| 606 | 1 |
_a"Ленинградское дело" _jДокументы и материалы _92583264 _3RU\NLR\AUTH\6601737433 |
|
| 686 | _aТ3(2)723-3,011 | ||
| 702 | 1 |
_4220 _8rus _7ca _aСмирнов _bА. П. _cканд. ист. наук _gАлександр Павлович _3RU\NLR\auth\7797043 _979969 |
|
| 702 | 1 |
_aАртемов _bЕ. Г. _4220 |
|
| 712 | 0 | 2 |
_4570 _aГосударственный музей политической истории России _cСанкт-Петербург _3RU\NLR\AUTH\889918128 _9332399 |
| 801 | 0 |
_aRU _bРГБ _c20101011 _grcr |
|
| 801 | 1 |
_aRU _bРГБ _c20101011 |
|
| 801 | 2 |
_aRU _bNLR _c20101112 _grcr |
|
| 942 | _cBOOK | ||
| 980 | _aNB | ||